[Event "EU-ch 15th"]
[Site "Yerevan"]
[Date "2014.03.14"]
[Round "11"]
[White "Bulmaga, Irina"]
[Black "Vardanian, Hakob"]
[Result "1-0"]
[WhiteElo "2375"]
[BlackElo "2270"]
[PlyCount "68"]
[EventDate "2014.03.03"]
[EventType "swiss"]
[EventRounds "11"]
[EventCountry "ARM"]
[SourceTitle "CBM 160"]
[Source "ChessBase"]
[SourceDate "2014.05.15"]
[SourceVersion "1"]
[SourceVersionDate "2014.05.15"]
[SourceQuality "1"]

1. e4 c5 2. Nf3 d6 3. d4 cxd4 4. Nxd4 Nf6 5. Nc3 g6 6. f3 Bg7 7. Be3 Nc6 8. Qd2 Bd7 9. g4 Rc8 10. 0-0-0 Ne5 11. g5 Nh5 12. f4 Nc4 13. Bxc4 Rxc4 14. e5 Bg4 15. Qd3 Qc8 16. exd6 Bxd1 17. Rxd1 Nxf4 18. d7+ Kxd7 19. Qe4 Ke8 20. Bxf4 f5 21. gxf6 Bxf6 22. Ncb5 Kf8 23. Bh6+ Kf7 24. Qd5+ Ke8 25. Re1 Rxd4 26. Nxd4 Qd7 27. Qxd7+ Kxd7 28. Ne6 Rg8 29. Nf8+ Kd8 30. Nxh7 Rh8 31. Nxf6 exf6 32. Bg7 Rxh2 33. Bxf6+ Kd7 34. Bd4 a6 1-0

[Event "EU-ch 15th"]
[Site "Yerevan"]
[Date "2014.03.06"]
[Round "4"]
[White "Vardanian, Hakob"]
[Black "Bykov, Egor"]
[Result "1-0"]
[WhiteElo "2270"]
[BlackElo "2089"]
[PlyCount "77"]
[EventDate "2014.03.03"]
[EventType "swiss"]
[EventRounds "11"]
[EventCountry "ARM"]
[SourceTitle "CBM 160"]
[Source "ChessBase"]
[SourceDate "2014.05.15"]
[SourceVersion "1"]
[SourceVersionDate "2014.05.15"]
[SourceQuality "1"]

1. Nf3 d5 2. b3 Nf6 3. Bb2 c6 4. e3 Bf5 5. Be2 h6 6. Ne5 e6 7. g4 Bh7 8. h4 Nbd7 9. Nxd7 Nxd7 10. d3 e5 11. Nd2 Qa5 12. a3 Be7 13. Qb1 Bf6 14. Qa2 Qd8 15. g5 hxg5 16. hxg5 Bxg5 17. 0-0-0 Qe7 18. Bg4 Bh6 19. Qa1 f6 20. f4 exf4 21. exf4 0-0-0 22. Rxh6 gxh6 23. Bxf6 Qf8 24. Bxh8 Qxh8 25. Qxh8 Rxh8 26. Rh1 Bg6 27. Nf3 Be8 28. Rg1 h5 29. Be6 Kc7 30. Rg7 Kd6 31. Ng5 Rf8 32. d4 Nf6 33. f5 Ne4 34. c4 c5 35. cxd5 Nxg5 36. dxc5+ Kxc5 37. Rxg5 Bf7 38. Kd2 h4 39. Ke3 1-0

[Event "Jermuk Asrian Memorial 6th"]
[Site "Jermuk"]
[Date "2013.06.22"]
[Round "7"]
[White "Vardanian, Hakob"]
[Black "Hovhannisyan, Robert"]
[Result "0-1"]
[WhiteElo "2260"]
[BlackElo "2610"]
[PlyCount "100"]
[EventDate "2013.06.16"]
[EventType "swiss"]
[EventRounds "9"]
[EventCountry "ARM"]
[SourceTitle "CBM 155 Extra"]
[Source "ChessBase"]
[SourceDate "2013.08.26"]
[SourceVersion "1"]
[SourceVersionDate "2013.08.26"]
[SourceQuality "1"]

1. Nf3 d5 2. g3 Nc6 3. Bg2 e5 4. d3 Nf6 5. 0-0 Be7 6. c4 0-0 7. cxd5 Nxd5 8. Nc3 Be6 9. Bd2 Qd7 10. Rc1 Rad8 11. Ne4 Bh3 12. Bxh3 Qxh3 13. Qb3 Qc8 14. Nc5 Nb6 15. a4 Rd5 16. Be3 Rfd8 17. Qa2 a5 18. Qb3 Nd4 19. Bxd4 exd4 20. Ne4 Bb4 21. Qc2 c6 22. Ned2 Bxd2 23. Qxd2 Nxa4 24. Rc2 Nb6 25. Ra1 a4 26. b3 axb3 27. Rb2 Nd7 28. Rxb3 Ne5 29. Ra7 Nxf3+ 30. exf3 Qh3 31. Rbxb7 Rh5 32. Qf4 Qxh2+ 33. Kf1 Qh3+ 34. Ke2 Qe6+ 35. Kd2 Rf5 36. Rb8 Rfd5 37. Qc7 Re8 38. Rxe8+ Qxe8 39. Ra6 c5 40. Rb6 Rd8 41. Qxc5 g6 42. Rb7 Qa4 43. Qc4 Qa5+ 44. Ke2 Qf5 45. f4 Rc8 46. Rc7 Qh5+ 47. f3 Re8+ 48. Kf2 Qh2+ 49. Kf1 Qh1+ 50. Kf2 Qe1+ 0-1

[Event "Jermuk Asrian Memorial 6th"]
[Site "Jermuk"]
[Date "2013.06.18"]
[Round "3"]
[White "Vardanian, Hakob"]
[Black "Baghdasaryan, Vahe"]
[Result "0-1"]
[WhiteElo "2260"]
[BlackElo "2387"]
[PlyCount "132"]
[EventDate "2013.06.16"]
[EventType "swiss"]
[EventRounds "9"]
[EventCountry "ARM"]
[SourceTitle "CBM 155 Extra"]
[Source "ChessBase"]
[SourceDate "2013.08.26"]
[SourceVersion "1"]
[SourceVersionDate "2013.08.26"]
[SourceQuality "1"]

1. e4 c5 2. Nf3 e6 3. d3 Nc6 4. g3 g6 5. Bg2 Bg7 6. 0-0 Nge7 7. c3 e5 8. a3 a5 9. a4 0-0 10. Be3 d6 11. Na3 Kh8 12. Nd2 f5 13. exf5 Nxf5 14. Qb3 Qe7 15. Bd5 Nxe3 16. fxe3 Bh3 17. Bg2 Bh6 18. Bxh3 Bxe3+ 19. Kg2 Bxd2 20. Qd5 Bh6 21. Nc4 Rad8 22. Rxf8+ Rxf8 23. Rf1 Rxf1 24. Kxf1 Qg5 25. Qxd6 Qh5 26. Qf6+ Bg7 27. Qe6 Qf3+ 28. Kg1 Bf8 29. Bg2 Qxd3 30. Bxc6 bxc6 31. Qxe5+ Kg8 32. Qe6+ Kg7 33. Kg2 h5 34. Ne5 Qe4+ 35. Kh3 Kh7 36. Qd7+ Bg7 37. Nf7 Qxa4 38. Ng5+ Kh6 39. Nf3 Qc4 40. Qd2+ Kh7 41. Ng5+ Kg8 42. Qd8+ Bf8 43. Qf6 Qg4+ 44. Kg2 Qe2+ 45. Kh3 Qe8 46. Ne6 Qf7 47. Qxf7+ Kxf7 48. Nd8+ Kf6 49. Kg2 a4 50. Nxc6 Bh6 51. Na5 Bc1 52. b4 cxb4 53. cxb4 Bd2 54. Nc4 Bc1 55. b5 a3 56. b6 a2 57. b7 a1Q 58. b8Q Qa2+ 59. Kh3 Qxc4 60. Qf8+ Qf7 61. Qh8+ Ke7 62. Qc3 Qf1+ 63. Kh4 Qf6+ 64. Qxf6+ Kxf6 65. g4 Bg5+ 66. Kg3 h4+ 0-1

[Event "Jermuk Asrian Memorial 6th"]
[Site "Jermuk"]
[Date "2013.06.17"]
[Round "2"]
[White "Minasian, Artashes"]
[Black "Vardanian, Hakob"]
[Result "1/2-1/2"]
[WhiteElo "2505"]
[BlackElo "2260"]
[PlyCount "118"]
[EventDate "2013.06.16"]
[EventType "swiss"]
[EventRounds "9"]
[EventCountry "ARM"]
[SourceTitle "CBM 155 Extra"]
[Source "ChessBase"]
[SourceDate "2013.08.26"]
[SourceVersion "1"]
[SourceVersionDate "2013.08.26"]
[SourceQuality "1"]

1. c4 Nf6 2. g3 c6 3. b3 g6 4. Bb2 Bg7 5. Bg2 d6 6. d4 0-0 7. Nf3 Qa5+ 8. Bc3 Qh5 9. Nbd2 Bh3 10. 0-0 Nbd7 11. e3 Bxg2 12. Kxg2 Rfe8 13. h3 Qf5 14. g4 Qd3 15. Rc1 Ne4 16. Ne1 Nxc3 17. Nxd3 Nxd1 18. Rfxd1 e5 19. Ne4 exd4 20. Nxd6 Re7 21. exd4 Nf8 22. Nc5 b6 23. Nce4 Rd8 24. c5 Ne6 25. cxb6 axb6 26. Rxc6 Bxd4 27. Nb5 Kg7 28. Rxe6 Rxe6 29. Ng5 Re5 30. Nxd4 Rxd4 31. Rxd4 Rxg5 32. a4 b5 33. Rd2 bxa4 34. bxa4 h5 35. Kf3 Ra5 36. Ra2 hxg4+ 37. hxg4 Kf6 38. Kf4 Ke6 39. Ra3 g5+ 40. Ke4 f5+ 41. Kf3 Kf6 42. Ra2 Ke5 43. Kg3 Kf6 44. f3 Ke5 45. Ra1 f4+ 46. Kf2 Kd5 47. Ke2 Kc4 48. Kd2 Kb3 49. Kd3 Kb2 50. Re1 Rxa4 51. Re5 Ra3+ 52. Ke2 Kc3 53. Rxg5 Kd4 54. Rb5 Ra2+ 55. Kf1 Ra3 56. Kg2 Ra2+ 57. Kh3 Ra3 58. g5 Rxf3+ 59. Kg4 Rf1 1/2-1/2

[Event "Jermuk Asrian Memorial 3rd"]
[Site "Jermuk"]
[Date "2010.10.11"]
[Round "7"]
[White "Vardanian, Hakob"]
[Black "Baghdasaryan, Vahe"]
[Result "1-0"]
[WhiteElo "2212"]
[BlackElo "2348"]
[PlyCount "49"]
[EventDate "2010.10.05"]
[EventType "swiss"]
[EventRounds "9"]
[EventCountry "ARM"]
[SourceTitle "CBM 138 Extra"]
[Source "ChessBase"]
[SourceDate "2010.10.29"]
[SourceVersion "1"]
[SourceVersionDate "2010.10.29"]
[SourceQuality "1"]

1. e4 c5 2. Nf3 Nc6 3. Bb5 e6 4. Bxc6 bxc6 5. d3 Ne7 6. Nbd2 Ng6 7. h4 h5 8. e5 f6 9. Qe2 Qc7 10. Nc4 Ba6 11. Qe4 Kf7 12. Bf4 Bxc4 13. dxc4 d6 14. exd6 Bxd6 15. Bd2 e5 16. Ng5+ fxg5 17. Qf5+ Kg8 18. Qxg6 g4 19. 0-0-0 Rh7 20. Qe6+ Kh8 21. Bg5 Bf8 22. Rd7 Qb6 23. Rhd1 Rb8 24. b3 Qa5 25. Kb2 1-0

[Event "Jermuk Asrian Memorial 3rd"]
[Site "Jermuk"]
[Date "2010.10.08"]
[Round "4"]
[White "Babujian, Levon"]
[Black "Vardanian, Hakob"]
[Result "1-0"]
[WhiteElo "2505"]
[BlackElo "2212"]
[PlyCount "107"]
[EventDate "2010.10.05"]
[EventType "swiss"]
[EventRounds "9"]
[EventCountry "ARM"]
[SourceTitle "CBM 138 Extra"]
[Source "ChessBase"]
[SourceDate "2010.10.29"]
[SourceVersion "1"]
[SourceVersionDate "2010.10.29"]
[SourceQuality "1"]

1. e4 c5 2. Nc3 Nc6 3. Bb5 g6 4. Bxc6 bxc6 5. d3 Bg7 6. Nge2 d6 7. 0-0 Nf6 8. h3 Rb8 9. Rb1 e5 10. f4 exf4 11. Bxf4 Nh5 12. Be3 Qh4 13. Qd2 h6 14. Rf3 Be5 15. d4 cxd4 16. Bxd4 Qe7 17. Rbf1 Be6 18. b3 Rb7 19. Na4 f6 20. Bxe5 fxe5 21. Rd3 Rd7 22. c4 g5 23. c5 d5 24. exd5 Bxd5 25. Qc3 Rf8 26. Rxf8+ Kxf8 27. Re3 Nf4 28. Nxf4 gxf4 29. Rxe5 Qg7 30. Re2 f3 31. Rf2 Ke8 32. Qxg7 Rxg7 33. Nc3 Rg5 34. h4 Rh5 35. Nxd5 Rxd5 36. Rxf3 Rxc5 37. Rf4 a5 38. Rc4 Rh5 39. Rxc6 Rxh4 40. Rc5 Rd4 41. Rxa5 Kd7 42. Ra7+ Kc8 43. Kh2 Kb8 44. Rh7 Rd2 45. Rxh6 Rxa2 46. Rc6 Kb7 47. Rc3 Ra8 48. g4 Rg8 49. Kg3 Kb6 50. Kf4 Rf8+ 51. Ke5 Rg8 52. Kf5 Rf8+ 53. Ke6 Rg8 54. Rg3 1-0

[Event "Jermuk Asrian Memorial 3rd"]
[Site "Jermuk"]
[Date "2010.10.06"]
[Round "2"]
[White "Paikidze, Nazi"]
[Black "Vardanian, Hakob"]
[Result "1/2-1/2"]
[WhiteElo "2376"]
[BlackElo "2212"]
[PlyCount "55"]
[EventDate "2010.10.05"]
[EventType "swiss"]
[EventRounds "9"]
[EventCountry "ARM"]
[SourceTitle "CBM 138 Extra"]
[Source "ChessBase"]
[SourceDate "2010.10.29"]
[SourceVersion "1"]
[SourceVersionDate "2010.10.29"]
[SourceQuality "1"]

1. e4 c5 2. Nf3 Nc6 3. d4 cxd4 4. Nxd4 g6 5. Be3 Bg7 6. Nc3 Nf6 7. Bc4 0-0 8. f3 Qb6 9. Bb3 Nxe4 10. Nd5 Qa5+ 11. c3 Nc5 12. Nxc6 dxc6 13. Nxe7+ Kh8 14. Nxc8 Raxc8 15. 0-0 Rcd8 16. Qc2 Rfe8 17. Bf2 Nxb3 18. Qxb3 Rd7 19. Rad1 Red8 20. Rxd7 Rxd7 21. Re1 h6 22. Qc4 a6 23. Qe4 Qd5 24. Qxd5 Rxd5 25. Kf1 Bf6 26. Re2 Rd1+ 27. Re1 Rd2 28. Re2 1/2-1/2

[Event "Jermuk Asrian Memorial 3rd"]
[Site "Jermuk"]
[Date "2010.10.05"]
[Round "1"]
[White "Vardanian, Hakob"]
[Black "Vorobiov, Evgeny E"]
[Result "1-0"]
[WhiteElo "2212"]
[BlackElo "2565"]
[PlyCount "73"]
[EventDate "2010.10.05"]
[EventType "swiss"]
[EventRounds "9"]
[EventCountry "ARM"]
[SourceTitle "CBM 138 Extra"]
[Source "ChessBase"]
[SourceDate "2010.10.29"]
[SourceVersion "1"]
[SourceVersionDate "2010.10.29"]
[SourceQuality "1"]

1. e4 c5 2. Nf3 Nc6 3. d3 g6 4. g3 Bg7 5. Bg2 e5 6. 0-0 Nge7 7. c3 0-0 8. Be3 d6 9. a3 a5 10. a4 h6 11. Nfd2 f5 12. exf5 Nxf5 13. Qb3+ Kh7 14. Na3 Qe7 15. Bd5 h5 16. Nac4 Ncd4 17. Bxd4 cxd4 18. Nb6 Rb8 19. Nxc8 Rfxc8 20. c4 b6 21. Ne4 Bh6 22. Qb5 h4 23. Rab1 hxg3 24. hxg3 Kg7 25. b4 axb4 26. Qxb4 Rh8 27. a5 Qd7 28. axb6 Ne3 29. Qxd6 Qxd6 30. Nxd6 Nxd5 31. cxd5 Rhd8 32. Nc4 Rxd5 33. Rfe1 Kf6 34. b7 Bf8 35. Rb6+ Kf5 36. Re4 Bg7 37. Nd2 1-0

[Event "Yerevan Petrosian Memorial op"]
[Site "Yerevan"]
[Date "2004.11.27"]
[Round "9"]
[White "Minasian, Ara"]
[Black "Vardanian, Hakob"]
[Result "1-0"]
[WhiteElo "2524"]
[BlackElo "2304"]
[PlyCount "83"]
[EventDate "2004.11.18"]
[EventType "swiss"]
[EventRounds "9"]
[EventCountry "ARM"]
[SourceTitle "CBM 103 Extra"]
[Source "ChessBase"]
[SourceDate "2005.01.01"]
[SourceVersion "1"]
[SourceVersionDate "2005.01.01"]
[SourceQuality "1"]

1. Nf3 c5 2. b3 Nf6 3. Bb2 g6 4. Bxf6 exf6 5. c4 Bg7 6. Nc3 0-0 7. g3 Nc6 8. Bg2 f5 9. 0-0 d6 10. Rc1 Be6 11. e3 Rc8 12. Ne1 Rc7 13. Nd3 Be5 14. Nd5 Rd7 15. Rb1 Ne7 16. Nxe5 dxe5 17. Nf6+ Kg7 18. Nxd7 Qxd7 19. Qc2 Rd8 20. Qc3 f6 21. Rfd1 Nc6 22. a3 a5 23. d3 h5 24. f4 h4 25. fxe5 Nxe5 26. d4 Ng4 27. h3 Nh6 28. dxc5 Qxd1+ 29. Rxd1 Rxd1+ 30. Kf2 a4 31. bxa4 hxg3+ 32. Kxg3 f4+ 33. exf4 Nf5+ 34. Kf2 Rd4 35. Bd5 Rxf4+ 36. Kg1 Bc8 37. Qa5 Kh6 38. Qc7 Kg5 39. Qxc8 Kh4 40. Qh8+ Kg3 41. Qxf6 Nd4 42. Qg5+ 1-0

[Event "Yerevan Petrosian Memorial op"]
[Site "Yerevan"]
[Date "2004.11.26"]
[Round "8"]
[White "Babujian, Levon"]
[Black "Vardanian, Hakob"]
[Result "0-1"]
[WhiteElo "2369"]
[BlackElo "2304"]
[PlyCount "78"]
[EventDate "2004.11.18"]
[EventType "swiss"]
[EventRounds "9"]
[EventCountry "ARM"]
[SourceTitle "CBM 103 Extra"]
[Source "ChessBase"]
[SourceDate "2005.01.01"]
[SourceVersion "1"]
[SourceVersionDate "2005.01.01"]
[SourceQuality "1"]

1. Nf3 d5 2. d4 c6 3. c3 Bg4 4. Nbd2 Nf6 5. h3 Bh5 6. g4 Bg6 7. Ne5 Nbd7 8. Bg2 e6 9. 0-0 Nxe5 10. dxe5 Nd7 11. f4 Bc5+ 12. Kh2 h5 13. g5 Qb6 14. b4 Be3 15. a4 a5 16. Ba3 axb4 17. cxb4 Qd4 18. Ra2 Bxf4+ 19. Kh1 Nxe5 20. b5 Bxd2 21. bxc6 bxc6 22. Bd6 Nc4 23. Rf4 Qxf4 24. Bxf4 Bxf4 25. Qd4 Be5 26. Qc5 Ra6 27. a5 Bd6 28. Qd4 0-0 29. Bf3 Rb8 30. e4 Rb3 31. exd5 cxd5 32. Kg2 Rd3 33. Qh4 Rxa5 34. Rxa5 Nxa5 35. Bxh5 Bg3 36. Qa4 Bxh5 37. Qxa5 Bg6 38. Qa4 Be4+ 39. Kf1 Bf3 0-1

[Event "Yerevan Petrosian Memorial op"]
[Site "Yerevan"]
[Date "2004.11.24"]
[Round "6"]
[White "Danielian, Elina"]
[Black "Vardanian, Hakob"]
[Result "0-1"]
[WhiteElo "2437"]
[BlackElo "2304"]
[PlyCount "228"]
[EventDate "2004.11.18"]
[EventType "swiss"]
[EventRounds "9"]
[EventCountry "ARM"]
[SourceTitle "CBM 103 Extra"]
[Source "ChessBase"]
[SourceDate "2005.01.01"]
[SourceVersion "1"]
[SourceVersionDate "2005.01.01"]
[SourceQuality "1"]

1. d4 d5 2. Nf3 c6 3. Bf4 Qb6 4. Qc1 Bg4 5. Nbd2 Nd7 6. e3 e6 7. h3 Bxf3 8. Nxf3 c5 9. Be2 Bd6 10. Bxd6 Qxd6 11. 0-0 Ngf6 12. dxc5 Qxc5 13. c4 dxc4 14. Qxc4 Qxc4 15. Bxc4 Rc8 16. Rac1 Ke7 17. Bb5 a6 18. Be2 Nb6 19. Nd4 Rxc1 20. Rxc1 Rc8 21. Rxc8 Nxc8 22. Bf3 Nd6 23. Nb3 e5 24. Na5 e4 25. Bd1 Nd7 26. Bb3 Ne5 27. Bd5 b6 28. Nc6+ Nxc6 29. Bxc6 Nc4 30. Bxe4 Nxb2 31. Kf1 Na4 32. Ke1 Nc3 33. Bd3 Nxa2 34. Bxa6 Nb4 35. Bc4 f6 36. Kd2 Kd6 37. Kc3 Kc5 38. Bg8 h6 39. e4 Nc6 40. f4 Nd4 41. Kd3 b5 42. e5 fxe5 43. fxe5 b4 44. h4 Nf5 45. h5 Nd4 46. Bf7 b3 47. Kc3 Nc6 48. Bxb3 Nxe5 49. Bg8 Ng4 50. Kd3 Kd6 51. Ke2 Ke5 52. Kf3 Nf6 53. Bf7 Kf5 54. Bb3 Kg5 55. Be6 Nxh5 56. g4 Nf4 57. Bc8 Ng6 58. Kg3 Ne5 59. Be6 Kf6 60. Bc8 g5 61. Kf2 Nc4 62. Ba6 Nd6 63. Ke3 Ke5 64. Bd3 Ne8 65. Ba6 Nf6 66. Bc8 Nd5+ 67. Kf3 Kd4 68. Bd7 Nb4 69. Bc8 Nd3 70. Bf5 Nc5 71. Bc8 Ke5 72. Ke3 Na4 73. Bb7 Nb6 74. Ba6 Nd5+ 75. Kf3 Kd4 76. Bc8 Ne7 77. Be6 Ng6 78. Kf2 Nh4 79. Kg3 Ke3 80. Bf5 Nf3 81. Bc8 Nd4 82. Bd7 Ne2+ 83. Kg2 Kf4 84. Be6 Nd4 85. Bd7 Nc2 86. Bc8 Ne3+ 87. Kh3 Kf3 88. Bb7+ Kf2 89. Bc6 Nd1 90. Bb7 Nc3 91. Bc6 Ke3 92. Bb7 Ne4 93. Kg2 Nc5 94. Bc8 Kf4 95. Kf2 Ne4+ 96. Kg2 Nf6 97. Kh3 Kf3 98. Bb7+ Ne4 99. Bd5 Kf4 100. Bb7 Nf2+ 101. Kg2 Nxg4 102. Kh3 Nf6 103. Bg2 Ne4 104. Bf1 Ng3 105. Bb5 g4+ 106. Kh4 Nf5+ 107. Kh5 g3 108. Bc6 Ke3 109. Bh1 Kf4 110. Bb7 Nd6 111. Bh1 Nf7 112. Bg2 Ke3 113. Kg6 Kf2 114. Bh1 g2 0-1

[Event "Yerevan Petrosian Memorial op"]
[Site "Yerevan"]
[Date "2004.11.21"]
[Round "3"]
[White "Vardanian, Hakob"]
[Black "Chibukhchian, Artur"]
[Result "1/2-1/2"]
[WhiteElo "2304"]
[BlackElo "2402"]
[PlyCount "248"]
[EventDate "2004.11.18"]
[EventType "swiss"]
[EventRounds "9"]
[EventCountry "ARM"]
[SourceTitle "CBM 103 Extra"]
[Source "ChessBase"]
[SourceDate "2005.01.01"]
[SourceVersion "1"]
[SourceVersionDate "2005.01.01"]
[SourceQuality "1"]

1. d4 Nf6 2. c4 g6 3. Nf3 Bg7 4. g3 0-0 5. Bg2 d6 6. 0-0 c6 7. Nc3 Nbd7 8. e4 e5 9. h3 a5 10. Be3 exd4 11. Nxd4 Re8 12. Qc2 Nc5 13. Nb3 Nfd7 14. Rad1 Qe7 15. Rfe1 Ne5 16. Nxc5 dxc5 17. Na4 Bxh3 18. Bxh3 Nf3+ 19. Kg2 Nxe1+ 20. Rxe1 Qxe4+ 21. Qxe4 Rxe4 22. Rd1 Bd4 23. Nxc5 Bxc5 24. Bxc5 Rxc4 25. Be7 Kg7 26. Rd7 b5 27. Bd6 Re8 28. Bc7 Re2 29. Kf1 Rcc2 30. Bb6 Kf8 31. Bc5+ Ke8 32. Rc7 Red2 33. Re7+ Kd8 34. Re5 f5 35. g4 Rd5 36. Bb6+ Kd7 37. Rxd5+ cxd5 38. gxf5 Ke7 39. fxg6 hxg6 40. Bxa5 Rxb2 41. a3 Rb1+ 42. Ke2 Rb2+ 43. Kf1 Rb1+ 44. Kg2 d4 45. Bb4+ Kf6 46. Bd7 d3 47. Kf3 d2 48. Bxd2 Rb3+ 49. Ke2 Rxa3 50. Bxb5 Kg7 51. Be3 Kh7 52. Kf3 Rb3 53. Bc6 Rc3 54. Be4 Rc4 55. Kf4 Ra4 56. Ke5 Ra6 57. Bd5 Kg7 58. Bd4 Kh7 59. Bc4 Ra5+ 60. Bd5 Ra6 61. Bc5 Ra5 62. Bf8 Rb5 63. Ke6 Rb2 64. f3 Rb5 65. Be7 Ra5 66. Be4 Kg7 67. Bf6+ Kh7 68. Bd8 Ra6+ 69. Kf7 Ra7+ 70. Be7 Ra6 71. Bg5 Ra7+ 72. Kf8 Ra6 73. Be3 Rf6+ 74. Ke7 Ra6 75. Kf7 Rd6 76. f4 Rd7+ 77. Ke6 Rd8 78. Bc5 Rc8 79. Kd5 Re8 80. Bd6 Kh6 81. Be5 Re7 82. Kd6 Ra7 83. Bf6 Ra5 84. Ke6 Ra4 85. Bg5+ Kg7 86. Bd5 Ra5 87. Bf6+ Kh6 88. Be7 Kg7 89. Ke5 Ra6 90. Bd8 Kh6 91. Bf6 Ra5 92. Ke6 Ra4 93. Be5 Ra5 94. Bc4 Ra4 95. Bd3 Ra3 96. Bb5 Ra5 97. Bd7 Ra7 98. Ke7 Rb7 99. Ke8 Ra7 100. Be6 Kh7 101. Bd7 Ra5 102. Bd6 Kg7 103. Bf8+ Kf6 104. Be7+ Kg7 105. Bg5 Ra7 106. Ke7 Ra6 107. Be6 Ra7+ 108. Kd6 Ra6+ 109. Ke5 Ra5+ 110. Ke4 Ra4+ 111. Kf3 Ra6 112. Bd5 Ra3+ 113. Kg4 Ra5 114. Bf3 Kh7 115. Be7 Ra7 116. Bf8 Rf7 117. Bd6 Rd7 118. Be5 Kh6 119. Be4 Re7 120. Bd5 Rd7 121. Bc6 Rd3 122. Bb5 Rd5 123. Bc4 Rc5 124. Bf7 Ra5 1/2-1/2

[Event "Batumi BCSA op"]
[Site "Batumi"]
[Date "2003.07.24"]
[Round "8"]
[White "Vardanian, Hakob"]
[Black "Jamagidze, Mikheil"]
[Result "1-0"]
[WhiteElo "2190"]
[BlackElo "2259"]
[PlyCount "77"]
[EventDate "2003.07.16"]
[EventType "swiss"]
[EventRounds "9"]
[EventCountry "GEO"]
[SourceTitle "CBM 095 Extra"]
[Source "ChessBase"]
[SourceDate "2003.09.04"]
[SourceVersion "1"]
[SourceVersionDate "2003.09.04"]
[SourceQuality "1"]

1. d4 d5 2. c4 dxc4 3. e4 Nf6 4. e5 Nd5 5. Bxc4 Nb6 6. Bd3 Nc6 7. Be3 Be6 8. Nc3 Bd5 9. Nf3 e6 10. 0-0 Qd7 11. Nxd5 Qxd5 12. a3 Be7 13. Qc2 Qd7 14. b4 a6 15. Nd2 g6 16. Be4 Nd5 17. Nb3 0-0 18. Nc5 Bxc5 19. bxc5 f5 20. exf6 Nxf6 21. Rab1 Nxe4 22. Qxe4 Rab8 23. h4 Qd5 24. Qg4 b5 25. cxb6 cxb6 26. h5 Qf5 27. Qxf5 Rxf5 28. hxg6 hxg6 29. Rbc1 Ne7 30. Rfe1 Rb7 31. Bd2 Kf7 32. Re4 Rd5 33. Rce1 Rd6 34. Bf4 Rc6 35. Be5 Nd5 36. Rh4 Re7 37. Ree4 b5 38. Rh8 g5 39. Rg4 1-0

[Event "Batumi BCSA op"]
[Site "Batumi"]
[Date "2003.07.20"]
[Round "4"]
[White "Vardanian, Hakob"]
[Black "Matnadze, Ana"]
[Result "1-0"]
[WhiteElo "2190"]
[BlackElo "2386"]
[PlyCount "129"]
[EventDate "2003.07.16"]
[EventType "swiss"]
[EventRounds "9"]
[EventCountry "GEO"]
[SourceTitle "CBM 095 Extra"]
[Source "ChessBase"]
[SourceDate "2003.09.04"]
[SourceVersion "1"]
[SourceVersionDate "2003.09.04"]
[SourceQuality "1"]

1. d4 Nf6 2. c4 e6 3. Nf3 b6 4. e3 Bb7 5. Bd3 Bb4+ 6. Nbd2 c5 7. 0-0 0-0 8. a3 Bxd2 9. Bxd2 Ne4 10. Qc2 f5 11. Rad1 Nxd2 12. Nxd2 cxd4 13. exd4 Qg5 14. d5 exd5 15. Nf3 Qf6 16. cxd5 Bxd5 17. Bc4 Bxc4 18. Qxc4+ Kh8 19. b4 Nc6 20. Rxd7 Ne5 21. Nxe5 Qxe5 22. Qd4 Qxd4 23. Rxd4 h6 24. h4 Rac8 25. Re1 Rf7 26. Re5 f4 27. f3 Kh7 28. Kh2 Rc2 29. a4 g6 30. b5 Rc1 31. Red5 Rcc7 32. Rd6 Kg7 33. Kh3 h5 34. Re4 Rc1 35. Kh2 Rc5 36. Ree6 Rc4 37. Rxg6+ Kf8 38. a5 bxa5 39. Rd8+ Ke7 40. Ra8 Rc7 41. Ra6 Rf8 42. R8xa7 Rxa7 43. Rxa7+ Kf6 44. Rxa5 Rb8 45. Ra6+ Kg7 46. b6 Kf6 47. b7+ Ke5 48. Rb6 Kf5 49. Kg1 Ke5 50. Kf2 Kd4 51. Rb5 Kc4 52. Rxh5 Rxb7 53. Rf5 Rb2+ 54. Kg1 Rb1+ 55. Kh2 Kd3 56. Rxf4 Ke3 57. Rg4 Kf2 58. h5 Rb5 59. Rh4 Rg5 60. Kh1 Kf1 61. Rh2 Kf2 62. h6 Ra5 63. Rh3 Ra1+ 64. Kh2 Rg1 65. Rg3 1-0

[Event "Batumi BCSA op"]
[Site "Batumi"]
[Date "2003.07.19"]
[Round "3"]
[White "Dzagnidze, Nana"]
[Black "Vardanian, Hakob"]
[Result "0-1"]
[WhiteElo "2446"]
[BlackElo "2190"]
[PlyCount "148"]
[EventDate "2003.07.16"]
[EventType "swiss"]
[EventRounds "9"]
[EventCountry "GEO"]
[SourceTitle "CBM 095 Extra"]
[Source "ChessBase"]
[SourceDate "2003.09.04"]
[SourceVersion "1"]
[SourceVersionDate "2003.09.04"]
[SourceQuality "1"]

1. d4 d5 2. Nf3 c6 3. e3 e6 4. Bd3 f5 5. 0-0 Nf6 6. b3 Bd6 7. Ba3 0-0 8. c4 Ne4 9. Bxd6 Qxd6 10. Ne5 Nd7 11. f4 b6 12. Nd2 Nxe5 13. fxe5 Qe7 14. Rc1 Bb7 15. Bxe4 dxe4 16. c5 b5 17. Rf4 a5 18. Qh5 a4 19. b4 Bc8 20. g4 Bd7 21. Qh3 a3 22. Rcf1 Rfd8 23. Kh1 Ra4 24. Rb1 Rf8 25. Qg3 Bc8 26. Rb3 Qd8 27. Rf1 Qg5 28. Nb1 fxg4 29. Rxf8+ Kxf8 30. Nc3 Qf5 31. Qf4 Ra7 32. Nxe4 Bd7 33. Kg2 Qxf4 34. exf4 Be8 35. Kf2 Bg6 36. Nd2 Bf5 37. Ke3 h5 38. Nb1 Ra4 39. Nc3 Bc2 40. Nxa4 Bxb3 41. Nc3 Bc2 42. Kd2 Bf5 43. Ne2 h4 44. Ke3 Kf7 45. Nc3 Bc2 46. Kf2 Kg6 47. Ke3 Kf5 48. Ne2 Bb3 49. Nc3 Bc4 50. Nb1 Bd5 51. Nc3 Bc4 52. Nb1 h3 53. Kf2 Kxf4 54. Nxa3 Bd3 55. d5 g3+ 56. hxg3+ Kxe5 57. dxc6 h2 58. Kg2 Be4+ 59. Kxh2 Bxc6 60. Nc2 Ke4 61. Na1 Kd3 62. Nb3 Kc3 63. Na5 Bd7 64. c6 Bc8 65. a3 e5 66. Nb7 e4 67. Nd6 e3 68. Kg2 Kd2 69. Nxb5 Kd3 70. Nd6 e2 71. Kf2 Kd2 72. Ne4+ Kd3 73. Nc5+ Kd2 74. Nb3+ Kd1 0-1

[Event "Batumi BCSA op"]
[Site "Batumi"]
[Date "2003.07.17"]
[Round "1"]
[White "Gagunashvili, Merab"]
[Black "Vardanian, Hakob"]
[Result "1-0"]
[WhiteElo "2577"]
[BlackElo "2190"]
[PlyCount "73"]
[EventDate "2003.07.16"]
[EventType "swiss"]
[EventRounds "9"]
[EventCountry "GEO"]
[SourceTitle "CBM 095 Extra"]
[Source "ChessBase"]
[SourceDate "2003.09.04"]
[SourceVersion "1"]
[SourceVersionDate "2003.09.04"]
[SourceQuality "1"]

1. d4 d5 2. c4 dxc4 3. e4 Nf6 4. e5 Nd5 5. Bxc4 Nb6 6. Bb3 Nc6 7. Be3 Bf5 8. Ne2 e6 9. Nbc3 Nb4 10. 0-0 Be7 11. Qd2 Qd7 12. a3 N4d5 13. Ng3 0-0-0 14. Rac1 Bg6 15. Nge4 Nxc3 16. Nxc3 Kb8 17. Qe2 Rc8 18. Rfd1 c6 19. a4 Nd5 20. a5 Rhd8 21. a6 b6 22. Ba4 b5 23. Bb3 Nxc3 24. bxc3 Be4 25. c4 bxc4 26. Bxc4 Ka8 27. Rc3 Rb8 28. Bg5 Bd5 29. Bxe7 Qxe7 30. Rdc1 Qb4 31. Bxd5 Rxd5 32. Rxc6 Qxd4 33. Rc7 Rxe5 34. Qc2 Qd6 35. Rb7 Rb5 36. Qc8 Rb6 37. h4 1-0